000
00234nam a2200097Ia 4500
008
240331s9999 xx 000 0 und d
082
_a
302.232
_b
THI
100
_a
Nagarjuna. tr
245
0
_a
Tiraippata metai sergai eisenstein
942
_c
L
999
_c
1277
_d
1277